[Event "Canadian op"]
[Site "Edmonton"]
[Date "2005.07.12"]
[Round "5"]
[White "Bullerkist, Caitlin"]
[Black "Pradzinski, Stephanie"]
[Result "1-0"]
[WhiteElo "1226"]
[BlackElo "867"]
[PlyCount "51"]
[EventDate "2005.07.09"]
[EventType "swiss"]
[EventRounds "10"]
[EventCountry "CAN"]
[SourceTitle "CBM 107 Extra"]
[Source "ChessBase"]
[SourceDate "2005.09.01"]
[SourceVersion "1"]
[SourceVersionDate "2005.09.01"]
[SourceQuality "1"]

1. e4 e5 2. Nf3 d6 3. h3 Nf6 4. Nc3 Be7 5. Bc4 0-0 6. 0-0 Nc6 7. d3 Be6 8. b3 Bxc4 9. bxc4 h6 10. Be3 Qe8 11. Nb5 Qd7 12. Rb1 a6 13. Nc3 Rab8 14. Nd2 Qc8 15. Qf3 Ra8 16. Nd5 Nxd5 17. cxd5 Bg5 18. dxc6 bxc6 19. Bxg5 hxg5 20. Qg3 Rb8 21. Qxg5 f6 22. Qe3 Rb7 23. Rxb7 Qxb7 24. Rb1 Qc8 25. f3 d5 26. Qc5 1-0